Effect of High Intensity Pulsed Ion Beam of Carbon on Subsurface Layers of Zirconia Ceramics; Advanced Materials Research; Vol. 1085 : Prospects of Fundamental Sciences Development (PFSD-2014)

Dades bibliogràfiques
Parent link:Advanced Materials Research: Scientific Journal
Vol. 1085 : Prospects of Fundamental Sciences Development (PFSD-2014).— 2015.— [P. 270-275]
Autor corporatiu: Национальный исследовательский Томский политехнический университет (ТПУ) Институт неразрушающего контроля (ИНК) Проблемная научно-исследовательская лаборатория электроники, диэлектриков и полупроводников (ПНИЛ ЭДиП)
Altres autors: Surzhikov A. P. Anatoly Petrovich, Vasiljev I. P. Ivan Petrovich, Vaytulevich (Vaitulevich) E. A. Elena Anatolievna, Frangulyan (Franguljyan) Т. S. Tamara Semenovna, Chernyavski (Chernyavskiy) A. V. Aleksandr Viktorovich
Sumari:Title screen
The effect of high intensity pulsed beam (HIPB) of accelerated carbon ions on zirconia ceramics of the 97ZrO[2]-3Y[2]O[3] (in mol %) composition is investigated. The parameters of the ion beam are as follows: the energy of the accelerated ions is 200 keV, pulse duration is 100 ns, pulse current density equal to 40 and 150 A/cm{2}. It was revealed that ions treatment of ceramics leads to melting of the subsurface layer. In this area, the grains are elongated towards the surface. Upon treatment of ceramics by accelerated ions with the pulse energy density equal to 3 J/cm{2} (fluence >= 9.4•1015 cm{–2}), formation of zirconia cubic phases up to 30 mass % is observed. The size of coherent-scattering region X-rays of the grains of the c-ZrO[2] phase is 15–20 nm. The analysis of the elemental composition of the irradiated surface layers by secondary ion mass spectrometry (SIMS) method makes possible to conclude that formation of high concentration of non-stoichiometric oxygen vacancies under ion treatment is the main cause of the cubic phase stabilization in zirconia.
Режим доступа: по договору с организацией-держателем ресурса
Idioma:anglès
Publicat: 2015
Matèries:
Accés en línia:http://dx.doi.org/10.4028/www.scientific.net/AMR.1085.270
Format: MixedMaterials Electrònic Capítol de llibre
KOHA link:https://koha.lib.tpu.ru/cgi-bin/koha/opac-detail.pl?biblionumber=640151

MARC

LEADER 00000nla2a2200000 4500
001 640151
005 20240130135045.0
035 |a (RuTPU)RU\TPU\network\4681 
090 |a 640151 
100 |a 20150410a2015 k y0engy50 ba 
101 0 |a eng 
102 |a US 
105 |a y z 100zy 
135 |a drcn ---uucaa 
181 0 |a i  
182 0 |a b 
200 1 |a Effect of High Intensity Pulsed Ion Beam of Carbon on Subsurface Layers of Zirconia Ceramics  |f A. P. Surzhikov [et al.] 
203 |a Text  |c electronic 
300 |a Title screen 
330 |a The effect of high intensity pulsed beam (HIPB) of accelerated carbon ions on zirconia ceramics of the 97ZrO[2]-3Y[2]O[3] (in mol %) composition is investigated. The parameters of the ion beam are as follows: the energy of the accelerated ions is 200 keV, pulse duration is 100 ns, pulse current density equal to 40 and 150 A/cm{2}. It was revealed that ions treatment of ceramics leads to melting of the subsurface layer. In this area, the grains are elongated towards the surface. Upon treatment of ceramics by accelerated ions with the pulse energy density equal to 3 J/cm{2} (fluence >= 9.4•1015 cm{–2}), formation of zirconia cubic phases up to 30 mass % is observed. The size of coherent-scattering region X-rays of the grains of the c-ZrO[2] phase is 15–20 nm. The analysis of the elemental composition of the irradiated surface layers by secondary ion mass spectrometry (SIMS) method makes possible to conclude that formation of high concentration of non-stoichiometric oxygen vacancies under ion treatment is the main cause of the cubic phase stabilization in zirconia. 
333 |a Режим доступа: по договору с организацией-держателем ресурса 
461 0 |0 (RuTPU)RU\TPU\network\4598  |t Advanced Materials Research  |o Scientific Journal 
463 0 |0 (RuTPU)RU\TPU\network\4656  |t Vol. 1085 : Prospects of Fundamental Sciences Development (PFSD-2014)  |o The XIth International Conference, April 22-25, 2014, Tomsk, Russia  |o [proceedings]  |v [P. 270-275]  |d 2015 
610 1 |a электронный ресурс 
610 1 |a труды учёных ТПУ 
610 1 |a рентгеновская дифракция 
610 1 |a поверхностные слои 
610 1 |a циркониевая керамика 
701 1 |a Surzhikov  |b A. P.  |c physicist  |c Professor of Tomsk Polytechnic University, doctor of physical and mathematical sciences (DSc)  |f 1951-  |g Anatoly Petrovich  |3 (RuTPU)RU\TPU\pers\30237  |9 14617 
701 1 |a Vasiljev  |b I. P.  |c a specialist in the field of electrical engineering  |c assistant researcher of Tomsk Polytechnic University  |f 1990-  |g Ivan Petrovich  |3 (RuTPU)RU\TPU\pers\33976  |9 17549 
701 1 |a Vaytulevich (Vaitulevich)  |b E. A.  |c chemist  |c Associate Professor of Tomsk Polytechnic University, Candidate of Chemical Sciences  |f 1967-  |g Elena Anatolievna  |3 (RuTPU)RU\TPU\pers\34130  |9 17670 
701 1 |a Frangulyan (Franguljyan)  |b Т. S.  |c specialist in the field of electronics, dielectrics and semiconductors  |c leading researcher of Tomsk Polytechnic University, candidate of physical and mathematical Sciences  |f 1940-  |g Tamara Semenovna  |3 (RuTPU)RU\TPU\pers\33975 
701 1 |a Chernyavski (Chernyavskiy)  |b A. V.  |c specialist in the field of electronics  |c senior researcher of Tomsk Polytechnic University, candidate of physico-mathematical sciences  |f 1966-  |g Aleksandr Viktorovich  |3 (RuTPU)RU\TPU\pers\34159 
712 0 2 |a Национальный исследовательский Томский политехнический университет (ТПУ)  |b Институт неразрушающего контроля (ИНК)  |b Проблемная научно-исследовательская лаборатория электроники, диэлектриков и полупроводников (ПНИЛ ЭДиП)  |3 (RuTPU)RU\TPU\col\19033 
801 2 |a RU  |b 63413507  |c 20161228  |g RCR 
856 4 |u http://dx.doi.org/10.4028/www.scientific.net/AMR.1085.270 
942 |c CF